Govt. of
Madhya Pradesh

From Tribe To Caste (Record no. 49530)

MARC details
000 -LEADER
fixed length control field 003480000a22001570004500
001 - CONTROL NUMBER
control field 000223
003 - CONTROL NUMBER IDENTIFIER
control field MACL
040 ## - CATALOGING SOURCE
Original cataloging agency MACL
090 ## - LOCALLY ASSIGNED LC-TYPE CALL NUMBER (OCLC); LOCAL CALL NUMBER (RLIN)
-- 223
-- 223
100 ## - MAIN ENTRY--PERSONAL NAME
Personal name Nathan Dev,
245 ## - TITLE STATEMENT
Title From Tribe To Caste
Statement of responsibility, etc. Nathan Dev
260 ## - PUBLICATION, DISTRIBUTION, ETC. (IMPRINT)
Place of publication, distribution, etc. Indian Institute Of Advanced Study,
Date of publication, distribution, etc. 1997
350 ## - PRICE (NR) (BK AM CF MU VM SE) [OBSOLETE]
Price 500
650 ## - SUBJECT ADDED ENTRY--TOPICAL TERM
Topical term or geographic name as entry element Social Science
942 ## - ADDED ENTRY ELEMENTS (KOHA)
Call number prefix 300
Koha item type Library Membar

No items available.